00289 a2200133 4500001000700000020001800007040001100025100002200036240003800058245003300096300000600129362000900135440001100144184137 a85-249-0987-0 cMagnum aSzéliga, Marcia10aDo céu ao céu voltaráslpor10aDo céu ao céu voltarás a 0 a2004 1aCortez